00433nam a2200157Ia 4500008004100000082002000041100002400061245002200085260004400107300002200151365000600173520002600179630002200205650002600227730002200253100920s9999 xx 000 0 und d b1682a11 थ 14 aBULOW BERNHARD VON. aIMPERIAL GERMANY. bCASSELL AND COMPANY ,LTD ,LONDON.c1914 a284bसाधी b0 aएच.पी.बी. aIMPERIAL GERMANY. aएच.पी.बी. aIMPERIAL GERMANY.